| 000 | 00854nam a2200229Ia 4500 | ||
|---|---|---|---|
| 999 |
_c36023 _d36023 |
||
| 001 | 1922 | ||
| 003 | GE_BSU | ||
| 005 | 20221006135403.0 | ||
| 008 | 181216s2006ru xx |||||||||||||| ||rus|| | ||
| 020 | _a5859714467 | ||
| 040 | _cGE_BSU | ||
| 041 | _arus | ||
| 080 | _a347.9 Д-18 | ||
| 100 |
_aДанило,Е.П. _915092 |
||
| 245 |
_aЮридическая консультация : _bСудебние спорты. Ответы на самые распространенные вопросы / _cЕ.П.Данило, |
||
| 260 | _bМосква : | ||
| 264 |
_bКнорус, _c2006. |
||
| 300 |
_a183 с.: _b19 см. |
||
| 653 | _aЮридическая консультация.Судебние спорты | ||
| 653 | _aიურიდიული რჩევები სასამართლო სპორტი | ||
| 942 |
_cBK _2udc |
||